<?xml version="1.0" encoding="UTF-8"?>
<collection xmlns="http://www.loc.gov/MARC21/slim">
 <record>
  <leader>00948nam a22002537a 4500</leader>
  <controlfield tag="001">42133</controlfield>
  <controlfield tag="003">BD-DhAAL</controlfield>
  <controlfield tag="005">20240208145135.0</controlfield>
  <controlfield tag="008">240208n        nyu||||| |||| 001 0 eng d</controlfield>
  <datafield tag="020" ind1=" " ind2=" ">
   <subfield code="a">1893005178</subfield>
  </datafield>
  <datafield tag="020" ind1=" " ind2=" ">
   <subfield code="a"> 9781893005174</subfield>
  </datafield>
  <datafield tag="082" ind1=" " ind2=" ">
   <subfield code="2">22</subfield>
   <subfield code="a">616.8527</subfield>
  </datafield>
  <datafield tag="245" ind1=" " ind2=" ">
   <subfield code="a">Mayo Clinic on depression /</subfield>
   <subfield code="c">Keith Kramlinger, editor in chief.</subfield>
  </datafield>
  <datafield tag="260" ind1=" " ind2=" ">
   <subfield code="a">Rochester, Minnesota :</subfield>
   <subfield code="b">Mayo Clinic,</subfield>
   <subfield code="c">2001</subfield>
  </datafield>
  <datafield tag="300" ind1=" " ind2=" ">
   <subfield code="a">194 pages :</subfield>
   <subfield code="b">illustrations ;</subfield>
   <subfield code="c">23 cm.</subfield>
  </datafield>
  <datafield tag="500" ind1=" " ind2=" ">
   <subfield code="a">Includes index.</subfield>
  </datafield>
  <datafield tag="541" ind1=" " ind2=" ">
   <subfield code="a">Donated By Rebecca Dipa Khan</subfield>
   <subfield code="e">42133</subfield>
  </datafield>
  <datafield tag="650" ind1=" " ind2=" ">
   <subfield code="a">Depression, Mental.</subfield>
   <subfield code="9">56014</subfield>
  </datafield>
  <datafield tag="650" ind1=" " ind2=" ">
   <subfield code="a">Manic-depressive illness.</subfield>
   <subfield code="9">56015</subfield>
  </datafield>
  <datafield tag="700" ind1=" " ind2=" ">
   <subfield code="a">Kramlinger, Keith.</subfield>
   <subfield code="9">56016</subfield>
  </datafield>
  <datafield tag="710" ind1=" " ind2=" ">
   <subfield code="a">Mayo Clinic.</subfield>
   <subfield code="9">56017</subfield>
  </datafield>
  <datafield tag="942" ind1=" " ind2=" ">
   <subfield code="2">ddc</subfield>
   <subfield code="c">BK</subfield>
  </datafield>
  <datafield tag="999" ind1=" " ind2=" ">
   <subfield code="c">46392</subfield>
   <subfield code="d">46392</subfield>
  </datafield>
  <datafield tag="952" ind1=" " ind2=" ">
   <subfield code="0">0</subfield>
   <subfield code="1">0</subfield>
   <subfield code="2">ddc</subfield>
   <subfield code="4">0</subfield>
   <subfield code="6">616_852700000000000_MAY</subfield>
   <subfield code="7">0</subfield>
   <subfield code="9">75122</subfield>
   <subfield code="a">BRACUL</subfield>
   <subfield code="b">BRACUL</subfield>
   <subfield code="c">GEN</subfield>
   <subfield code="d">2024-02-08</subfield>
   <subfield code="e">Donated By Rebecca Dipa Khan</subfield>
   <subfield code="l">3</subfield>
   <subfield code="m">11</subfield>
   <subfield code="o">616.8527 MAY</subfield>
   <subfield code="p">3010042133</subfield>
   <subfield code="q">2026-05-17</subfield>
   <subfield code="r">2026-04-06</subfield>
   <subfield code="s">2026-04-06</subfield>
   <subfield code="t">1</subfield>
   <subfield code="w">2024-02-08</subfield>
   <subfield code="y">BK</subfield>
  </datafield>
 </record>
</collection>
